Normal view
MARC view
- ELECTRONIC ASSEMBLY FABRICATION.CHIPS, CIRCUIT BOARDS, PACKAGES AND COMPONENTS
Entry Topical Term
001 - CONTROL NUMBER
- control field: 61654
003 - CONTROL NUMBER IDENTIFIER
- control field: NUST
005 - DATE AND TIME OF LATEST TRANSACTION
- control field: 20210628202806.0
008 - FIXED-LENGTH DATA ELEMENTS
- fixed length control field: 210628|| aca||aabn | a|a d
040 ## - CATALOGING SOURCE
- Original cataloging agency: NUST
- Transcribing agency: NUST
150 ## - HEADING--TOPICAL TERM
- Topical term or geographic name entry element: ELECTRONIC ASSEMBLY FABRICATION.CHIPS, CIRCUIT BOARDS, PACKAGES AND COMPONENTS
670 ## - SOURCE DATA FOUND
- Source citation: Work cat.: (NUST): Harper, Charles A 61653, Electronic assembly fabrication , chips, circuit boards, packages and components, 2002
